[Event "ODJM A 2023"]
[Site "Willingen GER"]
[Date "2023.05.29"]
[Round "3"]
[White "Loheide, Michel"]
[Black "Beyer, Lorenz"]
[Result "0-1"]
[Termination "normal"]
[Board "18"]
[WhiteElo "1876"]
[BlackElo "1915"]
[WhiteClock "00:01:05"]
[BlackClock "00:41:35"]
[PlyCount "54"]
[WhiteFideId "34633570"]
[BlackFideId "16245393"]
[EventCountry "GER"]
[EventRounds "9"]
[EventType "swiss"]
[EventDate "2023.05.27"]

1. e4 {[%clk 01:30:57]} {[%emt 00:00:04]} e6 {[%clk 01:30:55]} {[%emt
00:00:06]} 2. d4 {[%clk 01:31:22]} {[%emt 00:00:07]} d5 {[%clk 01:31:21]}
{[%emt 00:00:08]} 3. Nc3 {[%clk 01:31:49]} {[%emt 00:00:06]} Nf6 {[%clk
01:31:45]} {[%emt 00:00:09]} 4. Bg5 {[%clk 01:31:10]} {[%emt 00:01:07]} Be7
{[%clk 01:32:07]} {[%emt 00:00:06]} 5. e5 {[%clk 01:28:27]} {[%emt 00:03:02]}
Nfd7 {[%clk 01:32:30]} {[%emt 00:00:06]} 6. Bxe7 {[%clk 01:28:52]} {[%emt
00:00:05]} Qxe7 {[%clk 01:32:51]} {[%emt 00:00:07]} 7. f4 {[%clk 01:25:54]}
{[%emt 00:03:30]} a6 {[%clk 01:30:55]} {[%emt 00:02:26]} 8. Nf3 {[%clk
01:23:10]} {[%emt 00:03:14]} c5 {[%clk 01:31:18]} {[%emt 00:00:07]} 9. Ne2
{[%clk 01:11:49]} {[%emt 00:11:51]} cxd4 {[%clk 01:31:01]} {[%emt 00:00:45]}
10. Nexd4 {[%clk 01:12:05]} {[%emt 00:00:15]} Qb4+ {[%clk 01:26:51]} {[%emt
00:04:39]} 11. Kf2 {[%clk 01:09:55]} {[%emt 00:02:41]} Nc6 {[%clk 01:21:03]}
{[%emt 00:06:18]} 12. Rb1 {[%clk 01:04:53]} {[%emt 00:05:32]} Nc5 {[%clk
01:20:07]} {[%emt 00:01:25]} 13. c3 {[%clk 01:01:22]} {[%emt 00:04:02]} Ne4+
{[%clk 01:16:14]} {[%emt 00:04:23]} 14. Ke3 {[%clk 00:55:57]} {[%emt 00:05:55]}
Qb6 {[%clk 01:15:03]} {[%emt 00:01:41]} 15. Bd3 {[%clk 00:51:22]} {[%emt
00:05:06]} Bd7 {[%clk 01:12:59]} {[%emt 00:02:34]} 16. Bxe4 {[%clk 00:46:50]}
{[%emt 00:05:02]} dxe4 {[%clk 01:13:18]} {[%emt 00:00:11]} 17. Nd2 {[%clk
00:40:21]} {[%emt 00:06:58]} Ne7 {[%clk 01:11:35]} {[%emt 00:02:13]} 18. Nxe4
{[%clk 00:28:31]} {[%emt 00:12:21]} Nf5+ {[%clk 01:08:46]} {[%emt 00:02:49]}
19. Kf3 {[%clk 00:23:24]} {[%emt 00:05:37]} Bc6 {[%clk 01:07:39]} {[%emt
00:02:06]} 20. Qe2 {[%clk 00:16:27]} {[%emt 00:07:26]} Nxd4+ {[%clk 00:59:44]}
{[%emt 00:08:26]} 21. cxd4 {[%clk 00:16:50]} {[%emt 00:00:07]} f5 {[%clk
00:43:55]} {[%emt 00:16:19]} 22. exf6 {[%clk 00:17:09]} {[%emt 00:00:11]} gxf6
{[%clk 00:44:25]} 23. Ke3 {[%clk 00:17:25]} {[%emt 00:00:14]} O-O-O {[%clk
00:44:23]} {[%emt 00:00:31]} 24. Rhd1 {[%clk 00:13:23]} {[%emt 00:04:32]} e5
{[%clk 00:42:58]} {[%emt 00:01:57]} 25. fxe5 {[%clk 00:09:44]} {[%emt
00:04:08]} fxe5 {[%clk 00:42:35]} {[%emt 00:00:53]} 26. Qc4 {[%clk 00:01:17]}
{[%emt 00:08:55]} exd4+ {[%clk 00:41:35]} {[%emt 00:01:30]} 27. Rxd4 {[%clk
00:01:05]} {[%emt 00:00:43]} Rhe8 {[%clk 00:41:35]} {[%emt 00:00:30]} 0-1

[Event "ODJM A 2023"]
[Site "Willingen GER"]
[Date "2023.05.29"]
[Round "3"]
[White "Schwartz, Oliver"]
[Black "Riechenberg, Sebastian"]
[Result "1-0"]
[Termination "normal"]
[Board "19"]
[WhiteElo "1919"]
[BlackElo "1655"]
[WhiteClock "00:13:10"]
[BlackClock "00:27:56"]
[PlyCount "84"]
[WhiteFideId "16207459"]
[BlackFideId "34605231"]
[EventCountry "GER"]
[EventRounds "9"]
[EventType "swiss"]
[EventDate "2023.05.27"]

1. d4 {[%clk 01:30:47]} {[%emt 00:00:18]} Nf6 {[%clk 01:30:54]} {[%emt
00:00:12]} 2. c4 {[%clk 01:30:46]} {[%emt 00:00:43]} c5 {[%clk 01:31:18]}
{[%emt 00:00:05]} 3. d5 {[%clk 01:29:13]} {[%emt 00:01:40]} b5 {[%clk
01:31:47]} {[%emt 00:00:02]} 4. cxb5 {[%clk 01:29:32]} {[%emt 00:00:11]} a6
{[%clk 01:32:13]} {[%emt 00:00:05]} 5. Nc3 {[%clk 01:29:36]} {[%emt 00:00:25]}
axb5 {[%clk 01:30:52]} {[%emt 00:01:51]} 6. e4 {[%clk 01:29:32]} {[%emt
00:00:33]} b4 {[%clk 01:31:15]} {[%emt 00:00:08]} 7. Nb5 {[%clk 01:29:55]}
{[%emt 00:00:07]} d6 {[%clk 01:31:36]} {[%emt 00:00:09]} 8. Bc4 {[%clk
01:29:41]} {[%emt 00:00:43]} Nbd7 {[%clk 01:31:43]} {[%emt 00:00:23]} 9. Nf3
{[%clk 01:28:36]} {[%emt 00:01:35]} g6 {[%clk 01:32:10]} {[%emt 00:00:04]} 10.
e5 {[%clk 01:27:28]} {[%emt 00:01:38]} dxe5 {[%clk 01:32:35]} {[%emt 00:00:06]}
11. d6 {[%clk 01:27:03]} {[%emt 00:00:56]} exd6 {[%clk 01:32:15]} {[%emt
00:00:50]} 12. Qb3 {[%clk 01:18:24]} {[%emt 00:09:08]} d5 {[%clk 01:24:29]}
{[%emt 00:08:17]} 13. Bxd5 {[%clk 01:18:07]} {[%emt 00:00:47]} Nxd5 {[%clk
01:24:46]} {[%emt 00:00:13]} 14. Qxd5 {[%clk 01:18:24]} {[%emt 00:00:12]} Rb8
{[%clk 01:11:08]} {[%emt 00:14:08]} 15. Nxe5 {[%clk 01:02:37]} {[%emt
00:16:17]} Qe7 {[%clk 01:06:28]} {[%emt 00:05:12]} 16. Nc7+ {[%clk 00:54:02]}
{[%emt 00:09:05]} Kd8 {[%clk 01:05:41]} {[%emt 00:01:16]} 17. Bg5 {[%clk
00:52:32]} {[%emt 00:02:00]} f6 {[%clk 01:04:14]} {[%emt 00:01:57]} 18. O-O-O
{[%clk 00:52:40]} {[%emt 00:00:22]} fxg5 {[%clk 00:54:50]} {[%emt 00:09:56]}
19. Ne6+ {[%clk 00:49:21]} {[%emt 00:03:48]} Ke8 {[%clk 00:54:27]} {[%emt
00:00:54]} 20. Nc7+ {[%clk 00:46:01]} {[%emt 00:03:50]} Kd8 {[%clk 00:54:37]}
{[%emt 00:00:20]} 21. Nc6+ {[%clk 00:46:26]} {[%emt 00:00:05]} Kxc7 {[%clk
00:55:01]} {[%emt 00:00:06]} 22. Nxe7 {[%clk 00:46:50]} {[%emt 00:00:05]} Bxe7
{[%clk 00:55:24]} {[%emt 00:00:07]} 23. Rhe1 {[%clk 00:46:49]} {[%emt
00:00:31]} Bf6 {[%clk 00:54:42]} {[%emt 00:01:12]} 24. Re6 {[%clk 00:41:57]}
{[%emt 00:05:22]} Rb6 {[%clk 00:54:48]} {[%emt 00:00:24]} 25. Rde1 {[%clk
00:39:47]} {[%emt 00:02:39]} Bb7 {[%clk 00:50:16]} {[%emt 00:05:03]} 26. Qd3
{[%clk 00:37:44]} {[%emt 00:02:32]} Rxe6 {[%clk 00:47:37]} {[%emt 00:03:11]}
27. Rxe6 {[%clk 00:38:05]} {[%emt 00:00:08]} Be5 {[%clk 00:48:00]} {[%emt
00:00:08]} 28. g3 {[%clk 00:27:58]} {[%emt 00:10:36]} Rf8 {[%clk 00:46:29]}
{[%emt 00:02:01]} 29. Re7 {[%clk 00:23:58]} {[%emt 00:04:30]} Bd6 {[%clk
00:39:58]} {[%emt 00:07:01]} 30. Rxh7 {[%clk 00:24:15]} {[%emt 00:00:12]} Rxf2
{[%clk 00:40:07]} {[%emt 00:00:21]} 31. a4 {[%clk 00:18:02]} {[%emt 00:06:44]}
bxa3 {[%clk 00:35:53]} {[%emt 00:04:44]} 32. bxa3 {[%clk 00:18:25]} {[%emt
00:00:07]} Rf3 {[%clk 00:31:57]} {[%emt 00:04:25]} 33. Qb5 {[%clk 00:17:06]}
{[%emt 00:01:48]} Bc6 {[%clk 00:32:20]} {[%emt 00:00:08]} 34. Qa5+ {[%clk
00:14:45]} {[%emt 00:02:52]} Kb7 {[%clk 00:32:39]} {[%emt 00:00:11]} 35. Qd8
{[%clk 00:13:38]} {[%emt 00:01:37]} Bc7 {[%clk 00:32:16]} {[%emt 00:00:54]} 36.
Rxd7 {[%clk 00:13:23]} {[%emt 00:00:44]} Bxd7 {[%clk 00:32:40]} {[%emt
00:00:06]} 37. Qxd7 {[%clk 00:13:45]} {[%emt 00:00:08]} Rxa3 {[%clk 00:32:02]}
{[%emt 00:01:07]} 38. Qd5+ {[%clk 00:13:18]} {[%emt 00:00:56]} Kb6 {[%clk
00:29:31]} {[%emt 00:03:02]} 39. Qxg5 {[%clk 00:13:27]} {[%emt 00:00:21]} Kb5
{[%clk 00:27:54]} {[%emt 00:02:07]} 40. Qxg6 {[%clk 00:13:17]} {[%emt
00:00:40]} Be5 {[%clk 00:27:29]} {[%emt 00:00:55]} 41. Qe8+ {[%clk 00:12:53]}
{[%emt 00:00:53]} Kb4 {[%clk 00:27:30]} {[%emt 00:00:30]} 42. Qxe5 {[%clk
00:13:10]} {[%emt 00:00:13]} c4 {[%clk 00:27:56]} {[%emt 00:00:04]} 1-0

[Event "ODJM A 2023"]
[Site "Willingen GER"]
[Date "2023.05.29"]
[Round "3"]
[White "Andresen, Marc"]
[Black "Gold, Florian"]
[Result "1/2-1/2"]
[Termination "normal"]
[Board "20"]
[WhiteElo "1748"]
[BlackElo "1841"]
[WhiteClock "00:33:28"]
[BlackClock "00:31:30"]
[PlyCount "57"]
[WhiteFideId "16233719"]
[BlackFideId "16220536"]
[EventCountry "GER"]
[EventRounds "9"]
[EventType "swiss"]
[EventDate "2023.05.27"]

1. Nf3 {[%clk 01:30:58]} {[%emt 00:00:02]} Nf6 {[%clk 01:30:54]} {[%emt
00:00:10]} 2. c4 {[%clk 01:31:22]} {[%emt 00:00:09]} e6 {[%clk 01:31:20]}
{[%emt 00:00:08]} 3. g3 {[%clk 01:31:47]} {[%emt 00:00:07]} d5 {[%clk
01:31:45]} {[%emt 00:00:06]} 4. b3 {[%clk 01:32:14]} {[%emt 00:00:06]} d4
{[%clk 01:31:25]} {[%emt 00:00:47]} 5. Bg2 {[%clk 01:32:28]} {[%emt 00:00:11]}
c5 {[%clk 01:31:40]} {[%emt 00:00:07]} 6. O-O {[%clk 01:32:36]} {[%emt
00:00:17]} Nc6 {[%clk 01:32:02]} {[%emt 00:00:09]} 7. d3 {[%clk 01:32:58]}
{[%emt 00:00:08]} Nd7 {[%clk 01:28:16]} {[%emt 00:04:16]} 8. e3 {[%clk
01:32:28]} {[%emt 00:00:59]} Be7 {[%clk 01:27:19]} {[%emt 00:01:27]} 9. Na3
{[%clk 01:32:16]} {[%emt 00:00:42]} e5 {[%clk 01:26:04]} {[%emt 00:01:45]} 10.
Nc2 {[%clk 01:31:09]} {[%emt 00:01:37]} a5 {[%clk 01:26:01]} {[%emt 00:00:32]}
11. a3 {[%clk 01:31:07]} {[%emt 00:00:33]} O-O {[%clk 01:20:04]} 12. exd4
{[%clk 01:30:30]} {[%emt 00:07:34]} cxd4 {[%emt 00:08:19]} 13. Rb1 f5 {[%clk
01:12:04]} {[%emt 00:01:10]} 14. b4 {[%clk 01:24:42]} {[%emt 00:06:20]} axb4
{[%clk 01:12:22]} {[%emt 00:00:11]} 15. axb4 {[%clk 01:25:07]} {[%emt
00:00:06]} Bf6 {[%clk 01:07:01]} {[%emt 00:05:51]} 16. Re1 {[%clk 01:23:44]}
{[%emt 00:01:52]} Re8 {[%clk 01:07:07]} {[%emt 00:00:25]} 17. b5 {[%clk
01:19:49]} {[%emt 00:04:25]} Ncb8 {[%clk 01:05:28]} {[%emt 00:02:09]} 18. Qe2
{[%clk 01:11:30]} {[%emt 00:08:49]} Nc5 {[%clk 00:55:53]} {[%emt 00:10:05]} 19.
Nfxd4 {[%clk 01:08:33]} {[%emt 00:03:27]} e4 {[%clk 00:51:48]} {[%emt
00:04:34]} 20. dxe4 {[%clk 01:01:51]} {[%emt 00:07:12]} Bxd4 {[%clk 00:51:37]}
{[%emt 00:00:42]} 21. Rd1 {[%clk 01:02:16]} {[%emt 00:00:05]} Bxf2+ {[%clk
00:49:51]} {[%emt 00:02:15]} 22. Kxf2 {[%clk 01:02:40]} {[%emt 00:00:06]} Qd6
{[%clk 00:47:32]} 23. e5 {[%clk 01:00:38]} {[%emt 00:05:21]} Nc6 {[%clk
00:46:34]} 24. Bf4 {[%clk 00:47:43]} {[%emt 00:14:53]} Qe7 {[%clk 00:38:58]}
25. Ra1 {[%clk 00:35:58]} {[%emt 00:20:22]} Nxe5 {[%clk 00:31:49]} 26. Bxe5
{[%clk 00:33:28]} {[%emt 00:10:40]} Ra2 {[%clk 00:31:30]} 27. Rxa2 {[%clk
00:33:28]} Qxe5 {[%clk 00:31:30]} 28. Qf3 {[%clk 00:33:28]} Qe7 {[%clk
00:31:30]} 29. Qe2 {[%clk 00:33:28]} 1/2-1/2

[Event "ODJM A 2023"]
[Site "Willingen GER"]
[Date "2023.05.29"]
[Round "3"]
[White "Kliashtornyi, Arkadii"]
[Black "Albayrak, Berrak"]
[Result "1-0"]
[Termination "normal"]
[Board "21"]
[WhiteElo "1853"]
[BlackElo "1664"]
[WhiteClock "00:28:53"]
[BlackClock "00:19:01"]
[PlyCount "101"]
[WhiteFideId "34119698"]
[BlackFideId "16241657"]
[EventCountry "GER"]
[EventRounds "9"]
[EventType "swiss"]
[EventDate "2023.05.27"]

1. d4 {[%clk 01:30:59]} Nf6 {[%clk 01:30:56]} {[%emt 00:00:07]} 2. c4 {[%clk
01:31:25]} {[%emt 00:00:06]} g6 {[%clk 01:31:18]} {[%emt 00:00:13]} 3. Nc3
{[%clk 01:31:50]} {[%emt 00:00:09]} Bg7 {[%clk 01:31:36]} {[%emt 00:00:18]} 4.
e4 {[%clk 01:32:15]} {[%emt 00:00:07]} d6 {[%clk 01:32:00]} {[%emt 00:00:07]}
5. h3 {[%clk 01:32:36]} {[%emt 00:00:09]} O-O {[%clk 01:30:08]} {[%emt
00:01:59]} 6. Be3 {[%clk 01:33:02]} {[%emt 00:00:04]} e5 {[%clk 01:26:24]}
{[%emt 00:04:14]} 7. d5 {[%clk 01:33:27]} {[%emt 00:00:05]} Nbd7 {[%clk
01:21:22]} {[%emt 00:05:32]} 8. g4 {[%clk 01:29:06]} {[%emt 00:04:51]} Nc5
{[%clk 01:14:54]} {[%emt 00:06:57]} 9. f3 {[%clk 01:28:35]} {[%emt 00:01:02]}
a5 {[%clk 01:08:40]} {[%emt 00:06:45]} 10. Qd2 {[%clk 01:20:55]} {[%emt
00:08:10]} Qe7 {[%clk 01:02:10]} {[%emt 00:07:00]} 11. O-O-O {[%clk 00:59:14]}
{[%emt 00:22:11]} Bd7 {[%clk 00:51:16]} {[%emt 00:11:23]} 12. h4 {[%clk
00:46:10]} {[%emt 00:13:34]} Rfc8 {[%clk 00:46:26]} {[%emt 00:05:20]} 13. h5
{[%clk 00:44:36]} {[%emt 00:02:04]} Bf8 {[%clk 00:45:19]} {[%emt 00:01:37]} 14.
Bg5 {[%clk 00:39:25]} {[%emt 00:05:42]} Bg7 {[%clk 00:37:59]} {[%emt 00:07:49]}
15. Nge2 {[%clk 00:36:50]} {[%emt 00:03:05]} Rab8 {[%clk 00:28:31]} {[%emt
00:09:58]} 16. Ng3 {[%clk 00:36:57]} {[%emt 00:00:22]} Be8 {[%clk 00:21:29]}
{[%emt 00:07:32]} 17. Be2 {[%clk 00:30:59]} {[%emt 00:06:28]} Rd8 {[%clk
00:21:02]} {[%emt 00:00:58]} 18. Rh3 {[%clk 00:29:11]} {[%emt 00:02:16]} c6
{[%clk 00:20:29]} {[%emt 00:01:04]} 19. Rdh1 {[%clk 00:28:58]} {[%emt
00:00:43]} Bh8 {[%clk 00:19:03]} {[%emt 00:01:56]} 20. Bf1 {[%clk 00:24:14]}
{[%emt 00:05:13]} Rd7 {[%clk 00:16:32]} {[%emt 00:03:02]} 21. Bh6 {[%clk
00:21:41]} {[%emt 00:03:02]} Qd8 {[%clk 00:07:05]} {[%emt 00:09:57]} 22. Bg5
{[%clk 00:11:32]} {[%emt 00:10:39]} Qc7 {[%clk 00:06:05]} {[%emt 00:01:30]} 23.
Be3 {[%clk 00:09:45]} {[%emt 00:02:16]} Rc8 {[%clk 00:04:19]} {[%emt 00:02:17]}
24. g5 {[%clk 00:07:34]} {[%emt 00:02:41]} Nxh5 {[%clk 00:02:11]} {[%emt
00:02:37]} 25. Nxh5 {[%clk 00:08:02]} {[%emt 00:00:02]} gxh5 {[%clk 00:02:21]}
{[%emt 00:00:20]} 26. Rxh5 {[%clk 00:08:31]} f5 {[%clk 00:01:20]} {[%emt
00:01:31]} 27. Rh6 {[%clk 00:07:59]} {[%emt 00:01:02]} f4 {[%clk 00:01:20]}
{[%emt 00:00:30]} 28. Bxc5 {[%clk 00:08:23]} {[%emt 00:00:07]} dxc5 {[%clk
00:01:45]} {[%emt 00:00:05]} 29. Bh3 {[%clk 00:08:48]} {[%emt 00:00:05]} Rg7
{[%clk 00:00:56]} {[%emt 00:01:19]} 30. Be6+ {[%clk 00:08:59]} {[%emt
00:00:17]} Bf7 {[%clk 00:00:47]} {[%emt 00:00:40]} 31. Bxc8 {[%clk 00:08:11]}
{[%emt 00:01:18]} Qxc8 {[%clk 00:01:16]} {[%emt 00:00:02]} 32. dxc6 {[%clk
00:07:28]} {[%emt 00:01:13]} bxc6 {[%clk 00:01:14]} {[%emt 00:00:32]} 33. Rd6
{[%clk 00:06:59]} {[%emt 00:01:00]} Be8 {[%clk 00:00:40]} {[%emt 00:01:04]} 34.
Rhh6 {[%clk 00:04:24]} {[%emt 00:03:05]} Rg6 {[%clk 00:00:33]} {[%emt
00:00:37]} 35. Rhxg6+ {[%clk 00:04:44]} {[%emt 00:00:11]} hxg6 {[%clk
00:00:47]} {[%emt 00:00:15]} 36. Rd8 {[%clk 00:05:10]} {[%emt 00:00:04]} Qe6
{[%clk 00:00:50]} {[%emt 00:00:27]} 37. Qd6 {[%clk 00:04:58]} {[%emt 00:00:40]}
Qxd6 {[%clk 00:00:38]} {[%emt 00:00:45]} 38. Rxd6 {[%clk 00:05:25]} {[%emt
00:00:02]} Bg7 {[%clk 00:00:38]} {[%emt 00:00:30]} 39. Kc2 {[%clk 00:04:42]}
{[%emt 00:01:13]} Kf7 {[%clk 00:00:40]} {[%emt 00:00:28]} 40. Kb3 {[%clk
00:04:55]} {[%emt 00:00:17]} Bf8 {[%clk 00:00:43]} {[%emt 00:00:26]} 41. Rd1
{[%clk 00:05:19]} {[%emt 00:00:06]} Be7 {[%clk 00:30:30]} {[%emt 00:00:43]} 42.
Rg1 {[%clk 00:35:45]} {[%emt 00:00:04]} Bd7 {[%clk 00:28:49]} {[%emt 00:02:11]}
43. Ka4 {[%clk 00:32:02]} {[%emt 00:04:14]} Bd8 {[%clk 00:28:30]} {[%emt
00:00:49]} 44. Nd1 {[%clk 00:31:44]} {[%emt 00:00:45]} Be6 {[%clk 00:27:46]}
{[%emt 00:01:17]} 45. b3 {[%clk 00:29:07]} {[%emt 00:03:08]} Ke8 {[%clk
00:22:14]} {[%emt 00:06:01]} 46. Nf2 {[%clk 00:28:42]} {[%emt 00:00:55]} Ke7
{[%clk 00:20:18]} {[%emt 00:02:26]} 47. Nd3 {[%clk 00:29:02]} {[%emt 00:00:10]}
Kd6 {[%clk 00:20:23]} {[%emt 00:00:25]} 48. Rd1 {[%clk 00:28:54]} {[%emt
00:00:38]} Bxg5 {[%clk 00:19:16]} {[%emt 00:01:38]} 49. Nxf4+ {[%clk 00:28:36]}
{[%emt 00:00:48]} Ke7 {[%clk 00:19:15]} {[%emt 00:00:31]} 50. Nxg6+ {[%clk
00:29:04]} {[%emt 00:00:02]} Kf6 {[%clk 00:19:01]} {[%emt 00:00:44]} 51. Rd6
{[%clk 00:28:53]} {[%emt 00:00:41]} 1-0

[Event "ODJM A 2023"]
[Site "Willingen GER"]
[Date "2023.05.29"]
[Round "3"]
[White "Weidenhöfer, Max"]
[Black "Mehner, Lorenz"]
[Result "1-0"]
[Termination "normal"]
[Board "22"]
[WhiteElo "2000"]
[BlackElo "1681"]
[WhiteClock "00:07:15"]
[BlackClock "00:00:34"]
[PlyCount "97"]
[WhiteFideId "16230566"]
[BlackFideId "16293096"]
[EventCountry "GER"]
[EventRounds "9"]
[EventType "swiss"]
[EventDate "2023.05.27"]

1. e4 {[%clk 01:30:59]} {[%emt 00:08:56]} c5 {[%clk 01:30:42]} {[%emt
00:00:29]} 2. Nf3 {[%clk 01:31:27]} {[%emt 00:00:03]} d6 {[%clk 01:30:58]}
{[%emt 00:00:22]} 3. d4 {[%clk 01:31:56]} {[%emt 00:00:01]} cxd4 {[%clk
01:31:13]} {[%emt 00:00:18]} 4. Nxd4 {[%clk 01:32:24]} {[%emt 00:00:01]} Nf6
{[%clk 01:31:15]} {[%emt 00:00:21]} 5. Nc3 {[%clk 01:32:53]} g6 {[%clk
01:31:23]} {[%emt 00:00:16]} 6. Be3 {[%clk 01:33:21]} Bg7 {[%clk 01:31:24]}
{[%emt 00:00:20]} 7. f3 {[%clk 01:33:50]} {[%emt 00:00:02]} O-O {[%clk
01:31:34]} {[%emt 00:00:19]} 8. Qd2 {[%clk 01:34:18]} {[%emt 00:00:03]} Nc6
{[%clk 01:31:41]} {[%emt 00:00:22]} 9. Bc4 {[%clk 01:34:42]} {[%emt 00:00:06]}
Bd7 {[%clk 01:30:15]} {[%emt 00:01:57]} 10. O-O-O {[%clk 01:35:09]} {[%emt
00:00:02]} Rc8 {[%clk 01:29:22]} {[%emt 00:01:22]} 11. Bb3 {[%clk 01:35:38]}
{[%emt 00:00:02]} Ne5 {[%clk 01:26:24]} {[%emt 00:03:29]} 12. h4 {[%clk
01:36:06]} {[%emt 00:00:02]} h5 {[%clk 01:19:26]} {[%emt 00:07:27]} 13. Bg5
{[%clk 01:36:35]} {[%emt 00:00:01]} Nc4 {[%clk 01:13:45]} {[%emt 00:06:11]} 14.
Qd3 {[%clk 01:34:37]} {[%emt 00:02:27]} Qc7 {[%clk 00:45:10]} {[%emt 00:29:06]}
15. Kb1 {[%clk 01:16:12]} {[%emt 00:18:54]} Na3+ {[%clk 00:34:30]} {[%emt
00:11:10]} 16. Ka1 {[%clk 01:13:03]} {[%emt 00:03:39]} a6 {[%clk 00:33:08]}
{[%emt 00:01:52]} 17. Bxf6 {[%clk 01:07:39]} {[%emt 00:05:53]} Bxf6 {[%clk
00:22:12]} {[%emt 00:11:26]} 18. Nd5 {[%clk 01:07:50]} {[%emt 00:00:18]} Qc5
{[%clk 00:21:37]} {[%emt 00:01:05]} 19. Nxf6+ {[%clk 01:07:41]} {[%emt
00:00:39]} exf6 {[%clk 00:21:54]} {[%emt 00:00:14]} 20. bxa3 {[%clk 01:07:56]}
{[%emt 00:00:14]} b5 {[%clk 00:21:35]} {[%emt 00:00:50]} 21. e5 {[%clk
01:02:01]} {[%emt 00:06:24]} Kh7 {[%clk 00:09:55]} {[%emt 00:12:10]} 22. exf6
{[%clk 01:01:43]} {[%emt 00:00:49]} Qe5 {[%clk 00:09:45]} {[%emt 00:00:40]} 23.
g4 {[%clk 01:00:33]} {[%emt 00:01:39]} Qxf6 {[%clk 00:08:47]} {[%emt 00:01:28]}
24. gxh5 {[%clk 00:57:00]} {[%emt 00:04:02]} Bf5 {[%clk 00:05:38]} {[%emt
00:03:40]} 25. hxg6+ {[%clk 00:56:52]} {[%emt 00:00:37]} Bxg6 {[%clk 00:06:01]}
{[%emt 00:00:06]} 26. Qd2 {[%clk 00:56:34]} {[%emt 00:00:48]} Rc5 {[%clk
00:04:40]} {[%emt 00:01:51]} 27. Kb1 {[%clk 00:52:58]} {[%emt 00:04:07]} Rfc8
{[%clk 00:03:17]} {[%emt 00:01:54]} 28. f4 {[%clk 00:49:54]} {[%emt 00:03:34]}
Qe7 {[%clk 00:00:51]} {[%emt 00:02:54]} 29. h5 {[%clk 00:46:30]} {[%emt
00:03:56]} Be4 {[%clk 00:01:01]} {[%emt 00:00:20]} 30. Rde1 {[%clk 00:45:13]}
{[%emt 00:01:48]} d5 {[%clk 00:00:58]} {[%emt 00:00:32]} 31. Rhg1 {[%clk
00:44:08]} {[%emt 00:01:34]} Qf6 {[%clk 00:01:05]} {[%emt 00:00:23]} 32. Rc1
{[%clk 00:39:20]} {[%emt 00:05:18]} a5 {[%clk 00:01:25]} {[%emt 00:00:11]} 33.
Kb2 {[%clk 00:22:40]} {[%emt 00:17:10]} a4 {[%clk 00:01:35]} {[%emt 00:00:19]}
34. c3 {[%clk 00:22:25]} {[%emt 00:00:45]} axb3 {[%clk 00:01:45]} {[%emt
00:00:21]} 35. axb3 {[%clk 00:22:41]} {[%emt 00:00:13]} Qa6 {[%clk 00:01:26]}
{[%emt 00:00:49]} 36. f5 {[%clk 00:19:46]} {[%emt 00:03:25]} Ra8 {[%clk
00:01:36]} {[%emt 00:00:20]} 37. Ra1 {[%clk 00:20:05]} {[%emt 00:00:11]} Rcc8
{[%clk 00:02:05]} 38. Qf2 {[%clk 00:15:27]} {[%emt 00:05:07]} Qb6 {[%clk
00:01:35]} {[%emt 00:01:00]} 39. Rg7+ {[%clk 00:07:57]} {[%emt 00:08:00]} Kh8
{[%clk 00:01:14]} {[%emt 00:00:51]} 40. Rxf7 {[%clk 00:06:42]} {[%emt
00:01:45]} Rg8 {[%clk 00:00:34]} {[%emt 00:01:10]} 41. Rg1 {[%clk 00:22:40]}
{[%emt 00:14:33]} Rxg1 42. Qxg1 {[%clk 00:23:09]} Qh6 {[%clk 00:25:55]} {[%emt
00:00:44]} 43. Nxb5 {[%clk 00:12:17]} {[%emt 00:11:22]} Re8 {[%clk 00:01:52]}
{[%emt 00:24:32]} 44. a4 {[%clk 00:10:33]} {[%emt 00:02:15]} Bd3 {[%clk
00:01:11]} {[%emt 00:01:11]} 45. Qg6 {[%clk 00:07:00]} {[%emt 00:04:04]} Qd2+
{[%clk 00:00:33]} {[%emt 00:01:07]} 46. Ka3 {[%clk 00:07:22]} {[%emt 00:00:09]}
Qc1+ {[%clk 00:00:47]} {[%emt 00:00:15]} 47. Kb4 {[%clk 00:07:42]} {[%emt
00:00:10]} Qf4+ {[%clk 00:00:43]} {[%emt 00:00:34]} 48. Ka5 {[%clk 00:06:57]}
{[%emt 00:01:14]} Ra8+ {[%clk 00:00:34]} {[%emt 00:00:39]} 49. Na7 {[%clk
00:07:15]} {[%emt 00:00:12]} 1-0